000 00825nam a22002177a 4500
003 JO-AjAnu
005 20251018120804.0
008 251018b jo ||||| |||| 00| 0 ara d
020 _a9789957305956
040 _aJO-AjAnu
_bara
_cJO-AjAnu
_dJO-AjAnu
_erda
041 _aara
_hara
050 _aDS154.9
_b2021
100 1 _aابو عريضة، محمد
_eمؤلف
_950070
245 0 _aاسرار عمان : تحقيقات في ذاكرة المدينة /
_cمحمد ابو عريضة
260 _aعمان :
_bوزارة الثقافة،
_c2021
300 _a401 صفحة
490 _aمكتبة الاسرة الاردنية-مهرجان القراءة للجميع 15 رقم الاصدار 795
504 _aيحتوي على ملاحق
650 7 0 _aعمان-الاردن-تاريخ
_966869
942 _2lcc
_cBK
_n0
999 _c34117
_d34117